Alcolisme et infractions contre les personnes (Record no. 46907)

MARC details
000 -LEADER
fixed length control field 00648nam a22002057a 4500
005 - DATE AND TIME OF LATEST TRANSACTION
control field 20160609165349.0
008 - FIXED-LENGTH DATA ELEMENTS--GENERAL INFORMATION
fixed length control field 100206t xxu||||| |||| 00| 0 eng d
020 ## - NUMERO INTERNATIONAL NORMALISE DES LIVRES
International Standard Book Number 2-11-001709-0
Terms of availability Don
040 ## - SOURCE DU CATALOGAGE
Original cataloging agency BUAC
Language of cataloging Fre.
Transcribing agency BUC
041 ## - CODE DE LANGUE
Language code of text/sound track or separate title Fre.
082 ## - DEWEY DECIMAL CLASSIFICATION NUMBER
Classification number 178.1
100 ## - VEDETTE PRINCIPALE - NOM DE PERSONNE
Personal name Mosès, Carole
9 (RLIN) 3461
245 ## - TITLE STATEMENT
Title Alcolisme et infractions contre les personnes
Remainder of title Prix Robert debre 1984
260 ## - PUBLICATION, DISTRIBUTION, ETC. (IMPRINT)
Place of publication, distribution, etc Paris
Name of publisher, distributor, etc Ed. Documentation Française
Date of publication, distribution, etc 1986
300 ## - PHYSICAL DESCRIPTION
Extent 465p.
Dimensions 24 cm
504 ## - BIBLIOGRAPHY, ETC. NOTE
Bibliography, etc bibliographie PP. 436 - 456
610 ## - SUBJECT ADDED ENTRY--CORPORATE NAME
Corporate name or jurisdiction name as entry element Haut Comité d'Etude et d'Information sur l'Alcolisme
9 (RLIN) 3462
650 ## - SUBJECT ADDED ENTRY--TOPICAL TERM
Topical term or geographic name as entry element Droit pénal : alcolisme
9 (RLIN) 3463
942 ## - ADDED ENTRY ELEMENTS (KOHA)
Koha item type Livre
Holdings
Withdrawn status Lost status Damaged status Not for loan Location (home branch) Sublocation or collection (holding branch) Date acquired Source of acquisition Koha issues (times borrowed) Koha full call number Koha date last seen Copy number Price effective from Koha item type
        Bibliothèque Universitaire Centrale Bibliothèque Universitaire Centrale   Don du projet Lecture publique   178.1 MOS 06/02/2010 1 06/02/2010 Livre


© 2008, Bibliothèques de l'Université d'Abomey-Calavi

04 BP 789 Cotonou, Tél. : +229 21 36 01 01, Fax : +229 21 35 06 32

Courriel : bu@bu.uac.bj